000 01153nam a2200313Ia 4500
001 Z_2629
003 CHAP
008 220113s1979 xx 000 0 und d
010 _a165689
020 _a968-7213-02-7
040 _cCHAP
082 _a590.972 F56
245 _aFlora fanerogámica del Valle de México /
_ceditores Jerzy Rzedowski y Graciela C. de Rzedowski
260 _aMéxico :
_bInstituto de Ecología. Centro Regional del Bajío, Pátzcuaro, Mich.,
_c1979
300 _a3 v.
500 _aLa biblioteca cuenta : v. 1: Generalidades, gymnospernae, dicotyledoneae / v. 2: Dicotyledoneae / v. 3: Monocotyledoneae
503 _av.1 ej.1: C/E, ej.2: C/E, ej.3: Donación \ v.2 ej.1: Donado porInstituto de Ecología A.C \ v.3 ej.1: Donado por Instituto de Ecología A.C.
650 _aBotánica
_xValle de México
_914631
650 _aFanerógamas
_939416
650 _aValle de México
_xBotánica
_9139627
700 _a Calderón de Rzedowski, Graciela, ed.
_9139628
700 _aRzedowski, Jerzy, ed.
_9139629
901 _a590.972 F56
902 _aM
910 _a1979
942 _c1
942 _cc1
999 _c165689
_d165689